000 00355nam a2200133Ia 4500
008 231217s9999 xx 000 0 und d
041 _aEnglish
082 _a001.6424ORA SUN;1 R
100 _aSunderraman, Rajshekhar
245 0 _aOracle 8i programming a primer
260 _c2000
_bMassachusetts : Addison-Wesley,
300 _axv+334
942 _cAA
999 _c169775
_d169775